000
00252nam a2200109 a 4500
005
20140414093828.0
008
970101s19uu xx 00 eng d
050
_a
VHS 600
_b
R 03
245
_a
Plumbing & Pipefitting.
942
_c
AVM
999
_c
108545
_d
108545